000
00322nam a2200145Ia 4500
008
230917s9999||||xx |||||||||||||| ||und||
040
_e
61635
_a
MAIN
041
_a
English
082
_a
843 C159P
100
_a
Camus, Albert
245
0
_a
Plague
260
_a
England
_b
Penguin
_c
1977
300
_a
251 p.
942
_c
BK
999
_c
190863
_d
190863